[Event "Krakow op-B 24th"]
[Site "Krakow"]
[Date "2014.01.02"]
[Round "7"]
[White "Suliborski, Jakub"]
[Black "Mucha, Magdalena"]
[Result "1/2-1/2"]
[WhiteElo "2077"]
[BlackElo "1953"]
[PlyCount "63"]
[EventDate "2013.12.27"]
[EventType "swiss"]
[EventRounds "9"]
[EventCountry "POL"]
[SourceTitle "CBM 158 Extra"]
[Source "ChessBase"]
[SourceDate "2014.02.28"]
[SourceVersion "1"]
[SourceVersionDate "2014.02.28"]
[SourceQuality "1"]

1. d4 g6 2. c4 Bg7 3. Nc3 d6 4. Nf3 e5 5. e4 exd4 6. Nxd4 Nc6 7. Be3 Nge7 8. Be2 0-0 9. 0-0 f5 10. exf5 Bxd4 11. Bxd4 Nxf5 12. Be3 Nxe3 13. fxe3 Rxf1+ 14. Qxf1 Be6 15. Qf4 Qe7 16. Rf1 a6 17. b3 Rf8 18. Qxf8+ Qxf8 19. Rxf8+ Kxf8 20. Bf3 Nd8 21. Kf2 Ke7 22. Kg3 Kf6 23. Be4 c6 24. h4 Nf7 25. Kf4 h6 26. Bf3 g5+ 27. hxg5+ hxg5+ 28. Ke4 Bf5+ 29. Kd4 c5+ 30. Kd5 Be6+ 31. Ke4 Bf5+ 32. Kd5 1/2-1/2

[Event "Valpovo op (Women)"]
[Site "Valpovo"]
[Date "2013.12.08"]
[Round "7"]
[White "Smetisko, Lucija"]
[Black "Mucha, Magdalena"]
[Result "0-1"]
[WhiteElo "1732"]
[BlackElo "1953"]
[PlyCount "98"]
[EventDate "2013.12.06"]
[EventType "swiss"]
[EventRounds "7"]
[EventCountry "CRO"]
[SourceTitle "CBM 157 Extra"]
[Source "ChessBase"]
[SourceDate "2013.12.19"]
[SourceVersion "1"]
[SourceVersionDate "2013.12.19"]
[SourceQuality "1"]

1. e4 e6 2. d4 d5 3. e5 c5 4. c3 Nc6 5. Nf3 Bd7 6. Be2 Nge7 7. Bg5 Qb6 8. Bc1 Nf5 9. dxc5 Bxc5 10. 0-0 Qc7 11. Bf4 0-0 12. Qc1 Rac8 13. Bd3 Nfe7 14. a4 a6 15. b4 Ba7 16. b5 Nb8 17. Qc2 Ng6 18. Bg3 Rfd8 19. Re1 Be8 20. Nh4 a5 21. Kh1 Nd7 22. Nxg6 hxg6 23. Bh4 Nc5 24. Bxd8 Rxd8 25. Nd2 Nxd3 26. Qxd3 Bxf2 27. Rf1 Ba7 28. Nf3 Rc8 29. Rac1 Bb8 30. Qe3 Qc4 31. Ng5 Qh4 32. Ra1 Qh6 33. Rf3 Rc7 34. Rh3 Ba7 35. Qf4 Rc4 36. Qg3 Bf2 37. Qxf2 Qxg5 38. Qe2 Re4 39. Qf2 Qxe5 40. Rd3 Rc4 41. Qb6 Qc7 42. Qa7 Kf8 43. b6 Qc8 44. Qxa5 d4 45. Rxd4 Rxc3 46. Rdd1 Rc2 47. Qb4+ Kg8 48. Qe7 Qc6 49. a5 Qxg2# 0-1

[Event "Krakow op-A 23rd"]
[Site "Krakow"]
[Date "2012.12.30"]
[Round "5"]
[White "Mucha, Magdalena"]
[Black "Hirneise, Jens"]
[Result "0-1"]
[WhiteElo "1922"]
[BlackElo "2327"]
[PlyCount "58"]
[EventDate "2012.12.27"]
[EventType "swiss"]
[EventRounds "9"]
[EventCountry "POL"]
[SourceTitle "CBM 152 Extra"]
[Source "ChessBase"]
[SourceDate "2013.02.25"]
[SourceVersion "1"]
[SourceVersionDate "2013.02.25"]
[SourceQuality "1"]

1. e4 c5 2. Nf3 d6 3. d4 cxd4 4. Nxd4 Nf6 5. Nc3 Nc6 6. h3 e5 7. Nde2 Be6 8. g4 d5 9. exd5 Nxd5 10. Bg2 Nxc3 11. Qxd8+ Rxd8 12. Bxc6+ bxc6 13. Nxc3 h5 14. g5 Bc5 15. Be3 Bxe3 16. fxe3 h4 17. Ke2 Bc4+ 18. Kf3 Rd2 19. Rac1 Ke7 20. b3 Be6 21. Ne4 Bd5 22. Rhd1 Rh2 23. Rh1 Rxh1 24. Rxh1 c5 25. Rg1 Ke6 26. Rg4 Kf5 27. c3 a5 28. a4 Bc6 29. c4 Bb7 0-1

[Event "Krakow op-A 23rd"]
[Site "Krakow"]
[Date "2012.12.28"]
[Round "2"]
[White "Mucha, Magdalena"]
[Black "Sieciechowicz, Marcin"]
[Result "0-1"]
[WhiteElo "1922"]
[BlackElo "2443"]
[PlyCount "166"]
[EventDate "2012.12.27"]
[EventType "swiss"]
[EventRounds "9"]
[EventCountry "POL"]
[SourceTitle "CBM 152 Extra"]
[Source "ChessBase"]
[SourceDate "2013.02.25"]
[SourceVersion "1"]
[SourceVersionDate "2013.02.25"]
[SourceQuality "1"]

1. e4 c5 2. Nf3 d6 3. d4 cxd4 4. Nxd4 Nf6 5. Nc3 a6 6. Be3 e5 7. Nde2 Be6 8. f4 Nbd7 9. f5 Bc4 10. Ng3 Rc8 11. Bxc4 Rxc4 12. Qe2 Qc7 13. Rd1 Be7 14. Rd2 h6 15. 0-0 0-0 16. h3 Rc8 17. Bf2 b5 18. a3 Qb7 19. Re1 b4 20. axb4 Qxb4 21. Nd1 Nxe4 22. Nxe4 Rxe4 23. Qxe4 Qxd2 24. c3 d5 25. Qe3 Qc2 26. Qa7 Qxf5 27. Qxa6 Nc5 28. Rxe5 Nxa6 29. Rxf5 Rd8 30. Bd4 g6 31. Rf1 Nc5 32. Ne3 Ne6 33. Rd1 Kf8 34. Kf1 Rb8 35. b4 Rb5 36. Ke2 Ke8 37. Be5 f6 38. Bd4 h5 39. Nc2 Ng5 40. Ra1 Ne6 41. Be3 Rb7 42. Kd3 Kd7 43. Ra5 Nc7 44. Nd4 Bd6 45. Ne2 g5 46. Nd4 Be5 47. Nb3 Rb8 48. Nc5+ Kc6 49. Nb3 g4 50. hxg4 hxg4 51. Ra2 Rh8 52. Bd4 Rh2 53. Re2 Kd6 54. Bc5+ Ke6 55. Nd4+ Kf7 56. Nc6 Ne6 57. Be3 Rh1 58. Rb2 Rd1+ 59. Kc2 Re1 60. Ba7 Re2+ 61. Kb3 Rxb2+ 62. Kxb2 f5 63. Be3 Bd6 64. Kc2 f4 65. Bg1 Ng5 66. Nd4 Kf6 67. Kd3 Nf7 68. Nb5 Bb8 69. Kd4 Ke6 70. Kd3 Ne5+ 71. Ke2 Kf5 72. Nd4+ Ke4 73. Nb3 f3+ 74. gxf3+ gxf3+ 75. Kd2 Nc4+ 76. Kc2 Kf4 77. Kd3 Kg3 78. Nd2 Nxd2 79. Kxd2 Kg2 80. Bc5 Be5 81. b5 d4 82. Bxd4 Bxd4 83. cxd4 f2 0-1

[Event "POL-chT U19 1st League"]
[Site "Suchedniow"]
[Date "2012.07.??"]
[Round "6"]
[White "Graczyk, Natalia"]
[Black "Mucha, Magdalena"]
[Result "1/2-1/2"]
[WhiteElo "1706"]
[BlackElo "1942"]
[PlyCount "80"]
[EventDate "2012.07.21"]
[EventType "team-swiss"]
[EventRounds "9"]
[EventCountry "POL"]
[SourceTitle "EXT 2014"]
[Source "ChessBase"]
[SourceDate "2013.11.20"]
[SourceVersion "1"]
[SourceVersionDate "2013.11.20"]
[SourceQuality "1"]
[WhiteTeam "Katowice Hetman Szopienice U19"]
[BlackTeam "Trzebinia UKS Hetman Koronny U19"]
[WhiteTeamCountry "POL"]
[BlackTeamCountry "POL"]

1. e4 c5 2. Nf3 d6 3. Nc3 Nf6 4. d4 cxd4 5. Nxd4 Bd7 6. a4 e5 7. Ndb5 Be6 8. Be3 a6 9. Na3 d5 10. exd5 Nxd5 11. Nxd5 Qxd5 12. Qxd5 Bxd5 13. Nc4 Nd7 14. 0-0-0 Be6 15. Kb1 Rc8 16. b3 Be7 17. Nd6+ Bxd6 18. Rxd6 Ke7 19. Rd2 Nc5 20. f3 Rhd8 21. Rxd8 Kxd8 22. Be2 Ke7 23. Rd1 Bf5 24. Bxc5+ Rxc5 25. Bd3 Bxd3 26. Rxd3 Ke6 27. c4 f5 28. Kc2 g5 29. Rd8 h5 30. Re8+ Kf6 31. Rf8+ Kg6 32. Rg8+ Kf6 33. Rf8+ Kg6 34. Rg8+ Kf6 35. Rf8+ Kg6 36. Rg8+ Kf6 37. Rf8+ Kg6 38. Rg8+ Kf6 39. Rf8+ Kg6 40. Rg8+ Kf6 1/2-1/2

[Event "POL-chT U19 1st League"]
[Site "Suchedniow"]
[Date "2012.07.??"]
[Round "1"]
[White "Mucha, Magdalena"]
[Black "Wieczorek, Aleksandra"]
[Result "1-0"]
[WhiteElo "1942"]
[BlackElo "1701"]
[PlyCount "89"]
[EventDate "2012.07.21"]
[EventType "team-swiss"]
[EventRounds "9"]
[EventCountry "POL"]
[SourceTitle "EXT 2014"]
[Source "ChessBase"]
[SourceDate "2013.11.20"]
[SourceVersion "1"]
[SourceVersionDate "2013.11.20"]
[SourceQuality "1"]
[WhiteTeam "Trzebinia UKS Hetman Koronny U19"]
[BlackTeam "Raciborz KSz Silesia U19"]
[WhiteTeamCountry "POL"]
[BlackTeamCountry "POL"]

1. d4 g6 2. c4 Bg7 3. Nc3 Nf6 4. e4 d6 5. Be2 0-0 6. Bg5 Nc6 7. Qd2 Re8 8. f3 e5 9. d5 Nd4 10. 0-0-0 Qd7 11. g4 a6 12. Kb1 b5 13. Rc1 b4 14. Nd1 Rb8 15. Nf2 Qa4 16. Bd1 Qa5 17. Nd3 Qb6 18. Be3 Nd7 19. h4 Nc5 20. h5 Bd7 21. Nh3 b3 22. a3 Nxd3 23. Qxd3 Qa5 24. Nf2 Ba4 25. Bd2 Qb6 26. Rh2 Nc2 27. Rg2 Qc5 28. Qc3 Nxa3+ 29. bxa3 b2 30. Bxa4 bxc1Q+ 31. Kxc1 Rec8 32. Be3 Bh6 33. Bxh6 Qb6 34. Bc2 c6 35. Nd1 cxd5 36. exd5 Rc7 37. Bd3 Rcb7 38. Be3 Qc7 39. Bc2 Qe7 40. Rh2 Qf6 41. f4 Rc7 42. Rf2 Qh4 43. hxg6 hxg6 44. fxe5 dxe5 45. Qxe5 1-0

[Event "Krakow op-A 22nd"]
[Site "Krakow"]
[Date "2011.12.31"]
[Round "5"]
[White "Mucha, Magdalena"]
[Black "Kumor, Lukasz"]
[Result "1-0"]
[WhiteElo "1942"]
[BlackElo "2141"]
[PlyCount "100"]
[EventDate "2011.12.27"]
[EventType "swiss"]
[EventRounds "9"]
[EventCountry "POL"]
[SourceTitle "CBM 146 Extra"]
[Source "ChessBase"]
[SourceDate "2012.02.29"]
[SourceVersion "1"]
[SourceVersionDate "2012.02.29"]
[SourceQuality "1"]

1. e4 e6 2. d3 d5 3. Nd2 Nf6 4. Ngf3 c5 5. g3 Be7 6. Bg2 0-0 7. 0-0 Nc6 8. Re1 Rb8 9. e5 Nd7 10. Nf1 b5 11. h4 b4 12. N1h2 a5 13. Bf4 Ba6 14. Ng4 a4 15. h5 c4 16. d4 a3 17. b3 Na7 18. Qd2 Rc8 19. Bg5 Nb5 20. Bxe7 Qxe7 21. Nh4 Rc7 22. f4 h6 23. Ne3 cxb3 24. cxb3 Rc3 25. Rad1 Rfc8 26. Qf2 Bb7 27. Rf1 f6 28. Ng6 Qf7 29. exf6 Nxf6 30. g4 Nd6 31. Ne5 Qe7 32. Ng6 Qc7 33. Rfe1 Nfe4 34. Qh4 Qd8 35. Qh2 R8c7 36. Bh3 Kh7 37. Ne5 Qh4 38. Ng6 Qd8 39. Ne5 Ba6 40. Qg2 Qc8 41. g5 Rc2 42. Nxc2 Rxc2 43. g6+ Kg8 44. Bxe6+ Qxe6 45. Qxc2 Nc3 46. Rc1 Nde4 47. Qg2 Bc8 48. Rf1 Qf5 49. Qh2 Qf6 50. Rc2 Bf5 1-0

[Event "Krakow op"]
[Site "Krakow"]
[Date "2011.08.07"]
[Round "3"]
[White "Mucha, Magdalena"]
[Black "Turlej, Lukasz"]
[Result "1-0"]
[WhiteElo "1856"]
[BlackElo "2158"]
[PlyCount "75"]
[EventDate "2011.08.06"]
[EventType "swiss"]
[EventRounds "9"]
[EventCountry "POL"]
[SourceTitle "CBM 144 Extra"]
[Source "ChessBase"]
[SourceDate "2011.10.28"]
[SourceVersion "1"]
[SourceVersionDate "2011.10.28"]
[SourceQuality "1"]

1. e4 c5 2. Nf3 Nc6 3. d4 cxd4 4. Nxd4 Nf6 5. Nc3 e5 6. Ndb5 d6 7. Bg5 a6 8. Na3 b5 9. Nd5 Be7 10. Bxf6 Bxf6 11. c4 Nd4 12. Nc2 Bg4 13. Qb1 bxc4 14. Bxc4 Rc8 15. Bd3 Nxc2+ 16. Bxc2 0-0 17. 0-0 Bg5 18. b4 Be2 19. Re1 Bc4 20. Rd1 Be2 21. Re1 Bc4 22. Ne3 Qb6 23. a3 g6 24. Bb3 Be6 25. Qd3 Bxe3 26. Qxe3 Qxe3 27. Rxe3 Bxb3 28. Rxb3 f5 29. Rd3 Rf6 30. f3 Kf7 31. Rb1 Ke7 32. a4 fxe4 33. fxe4 Rc4 34. b5 Rxe4 35. b6 Rf8 36. Rc3 Kd7 37. Rc7+ Kd8 38. Ra7 1-0

[Event "World School-ch U17 Girls 7th"]
[Site "Krakow"]
[Date "2011.05.03"]
[Round "4"]
[White "Mucha, Magdalena"]
[Black "Tomaszewska, Luiza"]
[Result "1-0"]
[WhiteElo "1851"]
[BlackElo "2002"]
[PlyCount "58"]
[EventDate "2011.04.30"]
[EventType "tourn"]
[EventRounds "9"]
[EventCountry "POL"]
[SourceTitle "CBM 142 Extra"]
[Source "ChessBase"]
[SourceDate "2011.06.27"]
[SourceVersion "1"]
[SourceVersionDate "2011.06.27"]
[SourceQuality "1"]

1. e4 c5 2. Nf3 d6 3. d4 cxd4 4. Qxd4 Nc6 5. Bb5 Bd7 6. Bxc6 Bxc6 7. Nc3 Nf6 8. Bg5 Qd7 9. 0-0-0 e5 10. Qd3 Ng4 11. Qe2 f6 12. Be3 Nxe3 13. Qxe3 Be7 14. Nd5 Bxd5 15. Rxd5 0-0 16. Kb1 f5 17. Nd2 Qe6 18. Rd1 b6 19. f3 Rac8 20. Nf1 fxe4 21. fxe4 Qf7 22. Ng3 g6 23. Qd3 Qf2 24. Qb3 Qf7 25. Qd3 Rc4 26. b3 Rc3 27. Nf1 Rc6 28. c4 Bg5 29. h4 b5 1-0

[Event "Polanica Zdroj op-A 47th"]
[Site "Polanica Zdroj"]
[Date "2011.??.??"]
[Round "9"]
[White "Gromada, Andrzej"]
[Black "Mucha, Magdalena"]
[Result "0-1"]
[WhiteElo "1964"]
[BlackElo "1856"]
[PlyCount "82"]
[EventDate "2011.08.19"]
[EventType "swiss"]
[EventRounds "9"]
[EventCountry "POL"]
[SourceTitle "CBM 144 Extra"]
[Source "ChessBase"]
[SourceDate "2011.10.28"]
[SourceVersion "1"]
[SourceVersionDate "2011.10.28"]
[SourceQuality "1"]

1. d4 g6 2. e4 Bg7 3. Nf3 c6 4. Nc3 d6 5. a4 e5 6. Bc4 Qc7 7. h3 Nf6 8. Bb3 0-0 9. 0-0 Nbd7 10. dxe5 dxe5 11. Be3 h6 12. Qb1 Re8 13. Qa2 Nf8 14. a5 Ne6 15. Rfd1 g5 16. Qa4 Nf4 17. Bxf4 exf4 18. e5 Nd7 19. e6 fxe6 20. Qc4 Ne5 21. Nxe5 Qxe5 22. a6 Qf5 23. Ne4 Be5 24. axb7 Bxb7 25. Rd7 Bc8 26. Rdxa7 Rxa7 27. Rxa7 f3 28. Qxc6 Rd8 29. c3 Qf4 30. gxf3 Qh2+ 31. Kf1 Qh1+ 32. Ke2 Qc1 33. Ra2 Kf7 34. Qc5 Bf4 35. Qf5+ Ke8 36. Qg6+ Kd7 37. Qxe6+ Kc7 38. Qc4+ Kb8 39. Qf7 Rd2+ 40. Nxd2 Qxd2+ 41. Kf1 Bxh3+ 0-1

[Event "POL-chT U19 42nd"]
[Site "Ustron"]
[Date "2011.??.??"]
[Round "6.29"]
[White "Leks, Maria"]
[Black "Mucha, Magdalena"]
[Result "0-1"]
[WhiteElo "2058"]
[BlackElo "1835"]
[PlyCount "96"]
[EventDate "2011.06.24"]
[EventType "team-tourn"]
[EventRounds "9"]
[EventCountry "POL"]
[SourceTitle "EXT 2015"]
[Source "ChessBase"]
[SourceDate "2014.11.20"]
[SourceVersion "1"]
[SourceVersionDate "2014.11.20"]
[SourceQuality "1"]
[WhiteTeam "Warszawa Polonia U19"]
[BlackTeam "Trzebinia UKS Hetman Koronny U19"]
[WhiteTeamCountry "POL"]
[BlackTeamCountry "POL"]

1. e4 d5 2. exd5 Qxd5 3. Nc3 Qd6 4. d4 Nf6 5. Nf3 a6 6. g3 g6 7. Bg2 Bg7 8. 0-0 0-0 9. Bf4 Qd8 10. Qd2 c6 11. Bh6 Be6 12. Bxg7 Kxg7 13. Ng5 Bd5 14. Nxd5 cxd5 15. Rae1 Nc6 16. f4 h6 17. Nh3 e6 18. Nf2 Qa5 19. c3 Qxa2 20. g4 Rae8 21. g5 Ng8 22. Nd3 Qa5 23. f5 exf5 24. gxh6+ Nxh6 25. Nf4 Qd8 26. Nxd5 Ng4 27. h3 Nf6 28. Rxe8 Rxe8 29. Rxf5 Ne4 30. Bxe4 gxf5 31. Bg2 Qh4 32. Ne3 Qg5 33. d5 Qxe3+ 34. Qxe3 Rxe3 35. dxc6 bxc6 36. Bxc6 Re2 37. b4 Rc2 38. Bd7 Kf6 39. Bc8 Rxc3 40. Bxa6 Rxh3 41. Bf1 Rb3 42. b5 Rb2 43. Bc4 f4 44. Kf1 Kg6 45. Bd3+ Kg5 46. Bc4 f3 47. Ke1 Kf4 48. Bf1 Ke3 0-1